Problematik des Unterrichtes der Rechtsgeschichte in Ungarn

Elmentve itt :
Bibliográfiai részletek
Szerző: Csizmadia Andor
Dokumentumtípus: Cikk
Megjelent: Szegedi Tudományegyetem Állam- és Jogtudományi Kara Szeged 1970
Sorozat:Acta Universitatis Szegediensis : acta juridica et politica 17
Kulcsszavak:Jogtörténet - oktatás
Tárgyszavak:
Online Access:http://acta.bibl.u-szeged.hu/6386
LEADER 00789nab a2200205 i 4500
001 acta6386
005 20220922141731.0
008 161015s1970 hu o 0|| ger d
022 |a 0324-6523 
040 |a SZTE Egyetemi Kiadványok Repozitórium  |b hun 
041 |a ger 
100 1 |a Csizmadia Andor 
245 1 0 |a Problematik des Unterrichtes der Rechtsgeschichte in Ungarn  |h [elektronikus dokumentum] /  |c  Csizmadia Andor 
260 |a Szegedi Tudományegyetem Állam- és Jogtudományi Kara  |b Szeged  |c 1970 
300 |a 233-248 
490 0 |a Acta Universitatis Szegediensis : acta juridica et politica  |v 17 
650 4 |a Társadalomtudományok 
650 4 |a Jogtudomány 
695 |a Jogtörténet - oktatás 
856 4 0 |u http://acta.bibl.u-szeged.hu/6386/1/juridpol_017_233-248.pdf  |z Dokumentum-elérés